000 00230nam a2200097Ia 4500
005 20251222114405.0
008 251222s1900||||xx |||||||||||||| ||spa||
082 _aDVD0193/B83/1991
245 0 _aMétodos anticonceptivos:
942 _cDVD
999 _c1793
_d1793